| 000 | 00652nam a22002177a 4500 | ||
|---|---|---|---|
| 999 |
_c3899 _d3899 |
||
| 003 | AR-CdUCM | ||
| 008 | 190307b ||||| |||| 00| 0 spa d | ||
| 040 |
_aMUNICIPALIDAD PROVINCIAL DEL CUSCO _cBIBLIOTECA MUNICIPAL DEL CUSCO |
||
| 082 |
_a378 / _bM36 |
||
| 100 |
_aMedina Tapia, R. Hugo, _912511 |
||
| 245 | _aMemorias con cicatrices / | ||
| 260 |
_aCusco : _bEds. e Impr. DANY, _c2011. |
||
| 300 |
_a162 páginas : _bIlustraciones, _c20 cm. |
||
| 505 | _aMemorias | ||
| 650 |
_aMemorias _9235 |
||
| 650 |
_aEscritores Cusqueños _910661 |
||
| 650 |
_aNovela _95 |
||
| 650 |
_aUniversidad del Cusco _912512 |
||
| 942 |
_2ddc _cLIBROS |
||
| 945 | _admma | ||